Toutes les communes françaises frontalières de pays étrangers - Statistiques

Statistiques générales
  • Ce quiz a été pris 287 fois
    218 depuis la dernière actualisation
  • Le résultat moyen est 26 sur 502
Statistiques - réponses
Pays Département Commune % Correct
Allemagne Bas-Rhin Strasbourg
74%
Italie Alpes-Maritimes Menton
59%
Belgique Nord Tourcoing
53%
Espagne Pyrénées-Atlantiques Hendaye
40%
Allemagne Moselle Forbach
34%
Suisse | Italie Haute-Savoie Chamonix-Mont-Blanc
33%
Suisse Haut-Rhin Saint-Louis
33%
Allemagne Moselle Sarreguemines
28%
Belgique Ardennes Givet
26%
Suisse Ain Saint-Jean-de-Gonville
26%
Belgique Nord Bray-Dunes
25%
Espagne Pyrénées-Orientales Saint-Laurent-de-Cerdans
25%
Suriname Guyane Saint-Laurent-du-Maroni
25%
Italie Alpes-Maritimes Saint-Martin-Vésubie
23%
Belgique Nord Armentières
20%
Espagne Pyrénées-Orientales Cerbère
20%
Suisse Ain Ferney-Voltaire
20%
Allemagne Bas-Rhin Wissembourg
20%
Suisse Haute-Savoie Saint-Julien-en-Genevois
19%
Suisse Doubs Pontarlier
18%
Belgique Nord Wattrelos
18%
Espagne Haute-Garonne Bagnères-de-Luchon
16%
Italie Alpes-Maritimes Tende
15%
Espagne Pyrénées-Orientales Argelès-sur-Mer
14%
Italie Savoie Modane
14%
Monaco Alpes-Maritimes Roquebrune-Cap-Martin
14%
Espagne Pyrénées-Atlantiques Saint-Pée-sur-Nivelle
14%
Suisse Jura Les Rousses
13%
Espagne Pyrénées-Orientales Ur
13%
Monaco Alpes-Maritimes Cap-d'Ail
12%
Suisse Territoire de Belfort Delle
12%
Suriname | Brésil Guyane Maripasoula
12%
Belgique Nord Comines
11%
Suisse Ain Divonne-les-Bains
11%
Belgique Nord Halluin
11%
Italie Alpes-Maritimes Isola
11%
Belgique Ardennes La Chapelle
11%
Italie Hautes-Alpes Montgenèvre
11%
Suisse Haute-Savoie Morzine
11%
Monaco Alpes-Maritimes Beausoleil
10%
Suisse Haute-Savoie Châtel
10%
Belgique Aisne Hirson
10%
Allemagne Bas-Rhin Lauterbourg
10%
Brésil Guyane Saint-Georges
10%
Italie Alpes-de-Haute-Provence Saint-Paul-sur-Ubaye
10%
Italie Alpes-Maritimes Breil-sur-Roya
9%
Espagne Pyrénées-Orientales Céret
9%
Suisse Haute-Savoie Gaillard
9%
Italie Alpes-Maritimes La Brigue
9%
Monaco Alpes-Maritimes La Turbie
9%
Espagne Pyrénées-Orientales Le Perthus
9%
Belgique | Luxembourg Meurthe-et-Moselle Mont-Saint-Martin
9%
Espagne Haute-Garonne
9%
Suisse Ain Prévessin-Moëns
9%
Belgique Ardennes Rocroi
9%
Espagne Pyrénées-Atlantiques Saint-Étienne-de-Baïgorry
9%
Italie Alpes-Maritimes Saint-Étienne-de-Tinée
9%
Suisse Haute-Savoie Saint-Gingolph
9%
Italie Savoie Tignes
9%
Espagne Pyrénées-Atlantiques Urrugne
9%
Belgique Nord Villers-Sire-Nicole
9%
Luxembourg Moselle Audun-le-Tiche
8%
Italie Savoie Bourg-Saint-Maurice
8%
Allemagne Moselle Creutzwald
8%
Espagne Pyrénées-Atlantiques Espelette
8%
Allemagne Haut-Rhin Fessenheim
8%
Belgique Nord Jeumont
8%
Italie Haute-Savoie Saint-Gervais-les-Bains
8%
Belgique Aisne Saint-Michel
8%
Espagne Pyrénées-Atlantiques Saint-Michel
8%
Italie Savoie Val-d'Isère
8%
Belgique Nord Bailleul
7%
Espagne Pyrénées-Orientales Bourg-Madame
7%
Belgique Nord Camphin-en-Pévèle
7%
Belgique Nord Deûlémont
7%
Allemagne Bas-Rhin Eschau
7%
Allemagne Moselle Freyming-Merlebach
7%
Belgique Ardennes Fumay
7%
Espagne Hautes-Pyrénées Gavarnie-Gèdre
7%
Belgique Nord Ghyvelde
7%
Luxembourg Moselle Hagen
7%
Allemagne Bas-Rhin La Wantzenau
7%
Belgique Meurthe-et-Moselle Longuyon
7%
Allemagne Bas-Rhin Marckolsheim
7%
Belgique Nord Neuville-en-Ferrain
7%
Allemagne Bas-Rhin Rhinau
7%
Allemagne Moselle Saint-Avold
7%
Italie Hautes-Alpes Saint-Véran
7%
Suisse Haute-Savoie Samoëns
7%
Espagne Pyrénées-Atlantiques Sare
7%
Suisse Haute-Savoie Sixt-Fer-à-Cheval
7%
Italie Alpes-Maritimes Sospel
7%
Allemagne Moselle Stiring-Wendel
7%
Suisse Haute-Savoie Vallorcine
7%
Belgique Nord Wervicq-Sud
7%
Luxembourg | Alllemagne Moselle Apach
6%
Belgique Nord Baisieux
6%
Espagne Pyrénées-Orientales Banyuls-sur-Mer
6%
Italie Savoie Bonneval-sur-Arc
6%
Belgique Ardennes Chooz
6%
Suisse Territoire de Belfort Croix
6%
Allemagne Bas-Rhin Erstein
6%
Suisse Haut-Rhin Hégenheim
6%
Belgique Nord Hon-Hergies
6%
Belgique Nord Houplines
6%
Belgique Nord Leers
6%
Andorre Ariège L'Hospitalet-près-l'Andorre
6%
Luxembourg Moselle Mondorff
6%
Italie Hautes-Alpes Névache
6%
Suisse Ain Saint-Genis-Pouilly
6%
Allemagne Moselle Spicheren
6%
Allemagne Haut-Rhin Village-Neuf
6%
Belgique Nord Warneton
6%
Suisse Haute-Savoie Abondance
5%
Espagne Pyrénées-Atlantiques Ainhoa
5%
Belgique Nord Anor
5%
Espagne Pyrénées-Atlantiques Ascain
5%
Belgique Nord Bachy
5%
Allemagne Haut-Rhin Biesheim
5%
Espagne Pyrénées-Atlantiques Biriatou
5%
Belgique Nord Boeschepe
5%
Suisse Jura Bois-d'Amont
5%
Belgique Nord Bousbecque
5%
Belgique Nord Bry
5%
Suisse Haut-Rhin Buschwiller
5%
Allemagne Moselle Carling
5%
Espagne Hautes-Pyrénées Cauterets
5%
Allemagne Moselle Cocheren
5%
Belgique Meurthe-et-Moselle Cosnes-et-Romain
5%
Allemagne Bas-Rhin Fort-Louis
5%
Belgique Nord Frelinghien
5%
Allemagne Bas-Rhin Gambsheim
5%
Suisse Haut-Rhin Hagenthal-le-Bas
5%
Allemagne Haut-Rhin Hombourg
5%
Belgique Nord Hondschoote
5%
Allemagne | Suisse Haut-Rhin Huningue
5%
Suisse Doubs Jougne
5%
Allemagne Haut-Rhin Kembs
5%
Espagne Pyrénées-Atlantiques Laruns
5%
Italie Haute-Savoie Les Contamines-Montjoie
5%
Suisse Haut-Rhin Leymen
5%
Allemagne Moselle L'Hôpital
5%
Belgique Nord Mouchin
5%
Suisse Doubs Mouthe
5%
Suisse Haut-Rhin Neuwiller
5%
Belgique Nord Nieppe
5%
Luxembourg Moselle Ottange
5%
Allemagne Haut-Rhin Ottmarsheim
5%
Allemagne Moselle Petite-Rosselle
5%
Allemagne Bas-Rhin Plobsheim
5%
Suisse Jura Prémanon
5%
Luxembourg Moselle Puttelange-lès-Thionville
5%
Belgique Nord Quiévrechain
5%
Luxembourg Moselle Rédange
5%
Belgique Nord Rumegies
5%
Luxembourg Moselle Russange
5%
Belgique Nord Sailly-lez-Lannoy
5%
Espagne Hautes-Pyrénées Saint-Lary-Soulan
5%
Italie Alpes-Maritimes Saorge
5%
Allemagne Bas-Rhin Seltz
5%
Luxembourg Moselle Sierck-les-Bains
5%
Belgique Nord Steenvoorde
5%
Belgique Meuse Thonne-la-Long
5%
Belgique Nord Toufflers
5%
Italie Savoie Val-Cenis
5%
Suisse Haute-Savoie Valleiry
5%
Suisse Haute-Savoie Ville-la-Grand
5%
Allemagne Haut-Rhin Vogelgrun
5%
Luxembourg Moselle Volmerange-les-Mines
5%
Belgique Nord Wannehain
5%
Belgique Nord Willems
5%
Luxembourg Moselle Zoufftgen
5%
Belgique Nord Aix-en-Pévèle
4%
Allemagne Moselle Alsting
4%
Suisse Haute-Savoie Ambilly
4%
Suisse Haute-Savoie Archamps
4%
Belgique Nord Bambecque
4%
Allemagne Haut-Rhin Bantzenheim
4%
Belgique Nord Bousignies-sur-Roc
4%
Belgique Meuse Breux
4%
Italie Alpes-Maritimes Castellar
4%
Allemagne Haut-Rhin Chalampé
4%
Belgique Nord Condé-sur-l'Escaut
4%
Suisse Haut-Rhin Courtavon
4%
Belgique Meuse Écouviez
4%
Belgique Nord Eppe-Sauvage
4%
Belgique Nord Eth
4%
Espagne Haute-Garonne Fos
4%
Belgique Nord Godewaersvelde
4%
Belgique Meurthe-et-Moselle Gorcy
4%
Suisse Doubs Goumois
4%
Allemagne Moselle Grosbliederstroff
4%
Belgique Ardennes Gué-d'Hossus
4%
Belgique Ardennes Hargnies
4%
Belgique Ardennes Haybes
4%
Belgique Nord Hergnies
4%
Belgique Nord Houtkerque
4%
Suisse Haut-Rhin Kiffis
4%
Allemagne Haut-Rhin Kunheim
4%
Suisse Haute-Savoie La Chapelle-d'Abondance
4%
Belgique Ardennes Landrichamps
4%
Belgique Nord Lecelles
4%
Belgique Ardennes Les Hautes-Rivières
4%
Suisse Haut-Rhin Lucelle
4%
Allemagne Moselle Manderen
4%
Belgique Nord Maulde
4%
Espagne Haute-Garonne Montauban-de-Luchon
4%
Allemagne Moselle Morsbach
4%
Belgique Nord Mortagne-du-Nord
4%
Allemagne Haut-Rhin Niffer
4%
Belgique Nord Oost-Cappel
4%
Suisse Ain Ornex
4%
Suisse Haut-Rhin Pfetterhouse
4%
Andorre Pyrénées-Orientales Porté-Puymorens
4%
Allemagne Moselle Rosbruck
4%
Allemagne Haut-Rhin Rosenau
4%
Espagne Haute-Garonne Saint-Aventin
4%
Suisse Haute-Savoie Saint-Cergues
4%
Belgique Nord Saint-Jans-Cappel
4%
Allemagne Moselle Schœneck
4%
Belgique Nord Sebourg
4%
Belgique Ardennes Signy-le-Petit
4%
Suisse Ain Thoiry
4%
Belgique Nord Vieux-Condé
4%
Suisse Territoire de Belfort Villars-le-Sec
4%
Suisse Haute-Savoie Viry
4%
Belgique Nord Wallers-en-Fagne
4%
Belgique Nord Winnezeele
4%
Italie Hautes-Alpes Abriès-Ristolas
3%
Belgique Meurthe-et-Moselle Allondrelle-la-Malmaison
3%
Espagne Pyrénées-Orientales Amélie-les-Bains-Palalda
3%
Suriname Guyane Apatou
3%
Espagne Hautes-Pyrénées Aragnouet
3%
Espagne Pyrénées-Atlantiques Arnéguy
3%
Espagne Haute-Garonne Artigue
3%
Allemagne Haut-Rhin Artzenheim
3%
Belgique Ardennes Aubrives
3%
Belgique Ardennes Auflance
3%
Italie Savoie Avrieux
3%
Belgique Nord Baives
3%
Allemagne Haut-Rhin Balgau
3%
Allemagne Haut-Rhin Baltzenheim
3%
Belgique Ardennes Bazeilles
3%
Belgique Nord Beaurieux
3%
Allemagne Bas-Rhin Beinheim
3%
Italie Savoie Bessans
3%
Belgique Nord Bettignies
3%
Belgique Nord Bettrechies
3%
Luxembourg Moselle Beyren-lès-Sierck
3%
Suisse Haut-Rhin Biederthal
3%
Allemagne Moselle Bliesbruck
3%
Allemagne Moselle Blies-Ébersing
3%
Allemagne Haut-Rhin Blodelsheim
3%
Suisse Haute-Savoie Bossey
3%
Suisse Ain Challex
3%
Suisse Doubs Chapelle-des-Bois
3%
Belgique Meurthe-et-Moselle Charency-Vezin
3%
Belgique Ardennes Charnois
3%
Suisse Doubs Charquemont
3%
Suisse Doubs Chaux-Neuve
3%
Suisse Haute-Savoie Chens-sur-Léman
3%
Belgique Nord Clairfayts
3%
Allemagne Bas-Rhin Climbach
3%
Belgique Nord Colleret
3%
Suisse Haute-Savoie Collonges-sous-Salève
3%
Luxembourg Moselle Contz-les-Bains
3%
Belgique Nord Cousolre
3%
Belgique Nord Crespin
3%
Suisse Doubs Dannemarie
3%
Belgique Ardennes Donchery
3%
Belgique Meurthe-et-Moselle Épiez-sur-Chiers
3%
Allemagne Moselle Epping
3%
Allemagne Moselle Erching
3%
Belgique Ardennes Escombres-et-le-Chesnois
3%
Suisse Haute-Savoie Étrembières
3%
Luxembourg Moselle Évrange
3%
Belgique Ardennes Fépin
3%
Allemagne Moselle Flastroff
3%
Belgique Ardennes Fleigneux
3%
Belgique Nord Flines-lès-Mortagne
3%
Belgique Ardennes Foisches
3%
Belgique Ardennes Francheval
3%
Allemagne Moselle Frauenberg
3%
Belgique Ardennes Fromelennes
3%
Allemagne Haut-Rhin Geiswasser
3%
Belgique Ardennes Gespunsart
3%
Belgique Nord Gognies-Chaussée
3%
Belgique Nord Gussignies
3%
Allemagne Moselle Heining-lès-Bouzonville
3%
Belgique Nord Hestrud
3%
Belgique Ardennes Hierges
3%
Belgique Nord Houdain-lez-Bavay
3%
Luxembourg Meurthe-et-Moselle Hussigny-Godbrange
3%
Belgique Ardennes Illy
3%
Espagne Pyrénées-Atlantiques Itxassou
3%
Suisse Haute-Savoie Juvigny
3%
Belgique Nord La Flamengrie
3%
Belgique Nord La Longueville
3%
Espagne Pyrénées-Atlantiques Larrau
3%
Espagne Pyrénées-Orientales Latour-de-Carol
3%
Allemagne Bas-Rhin Lembach
3%
Suisse Doubs Les Gras
3%
Suisse Doubs Les Hôpitaux-Vieux
3%
Suisse Haut-Rhin Levoncourt
3%
Suisse Haut-Rhin Liebenswiller
3%
Allemagne Moselle Liederschiedt
3%
Espagne Pyrénées-Orientales Llo
3%
Luxembourg Meurthe-et-Moselle Longlaville
3%
Espagne Hautes-Pyrénées Loudenvielle
3%
Allemagne Moselle Loutzviller
3%
Suisse Haute-Savoie Machilly
3%
Belgique Ardennes Margny
3%
Belgique Nord Marpent
3%
Belgique Ardennes Matton-et-Clémency
3%
Allemagne Moselle Merschweiller
3%
Allemagne Moselle Merten
3%
Belgique Ardennes Messincourt
3%
Belgique Ardennes Mogues
3%
Italie Hautes-Alpes Molines-en-Queyras
3%
Belgique Ardennes Montigny-sur-Meuse
3%
Suisse Haute-Savoie Montriond
3%
Italie Savoie Montvalezan
3%
Belgique Nord Moustier-en-Fagne
3%
Allemagne Bas-Rhin Munchhausen
3%
Allemagne Haut-Rhin Nambsheim
3%
Allemagne Moselle Neunkirchen-lès-Bouzonville
3%
Belgique Ardennes Neuville-lez-Beaulieu
3%
Allemagne Bas-Rhin Niederlauterbach
3%
Allemagne Bas-Rhin Niedersteinbach
3%
Suisse Haute-Savoie Novel
3%
Allemagne Moselle Obergailbach
3%
Allemagne Bas-Rhin Obersteinbach
3%
Belgique Nord Ohain
3%
Suisse Haut-Rhin Oltingue
3%
Allemagne Moselle Ormersviller
3%
Suriname Guyane Papaichton
3%
Allemagne Haut-Rhin Petit-Landau
3%
Suisse Ain Pougny
3%
Belgique Ardennes Pouru-aux-Bois
3%
Belgique Ardennes Puilly-et-Charbeaux
3%
Belgique Ardennes Pure
3%
Belgique Ardennes Regniowez
3%
Allemagne Moselle Rolbing
3%
Belgique Nord Rombies-et-Marchipont
3%
Allemagne Moselle Roppeviller
3%
Allemagne Haut-Rhin Rumersheim-le-Haut
3%
Belgique Nord Saint-Aybert
3%
Espagne Pyrénées-Atlantiques Sainte-Engrâce
3%
Italie Savoie Sainte-Foy-Tarentaise
3%
Espagne Haute-Garonne Saint-Mamet
3%
Belgique Ardennes Saint-Menges
3%
Belgique Meurthe-et-Moselle Saint-Pancré
3%
Allemagne Bas-Rhin Salmbach
3%
Belgique Ardennes Sapogne-sur-Marche
3%
Luxembourg Meurthe-et-Moselle Saulnes
3%
Suisse Ain Sauverny
3%
Allemagne Bas-Rhin Scheibenhard
3%
Allemagne Bas-Rhin Schœnau
3%
Allemagne Moselle Schwerdorff
3%
Allemagne Moselle Schweyen
3%
Italie Savoie Séez
3%
Allemagne Moselle Sturzelbronn
3%
Belgique Ardennes Taillette
3%
Belgique Nord Taisnières-sur-Hon
3%
Belgique Meurthe-et-Moselle Tellancourt
3%
Belgique Ardennes Thilay
3%
Belgique Ardennes Tremblois-lès-Carignan
3%
Italie Alpes-Maritimes Valdeblore
3%
Suisse Haute-Savoie Veigy-Foncenex
3%
Belgique Meuse Velosnes
3%
Belgique Meuse Verneuil-Grand
3%
Belgique Meuse Verneuil-Petit
3%
Belgique Nord Vieux-Reng
3%
Belgique Meurthe-et-Moselle Ville-Houdlémont
3%
Suisse Doubs Villers-le-Lac
3%
Belgique Ardennes Vireux-Molhain
3%
Belgique Ardennes Vrigne aux Bois
3%
Allemagne Moselle Waldwisse
3%
Allemagne Moselle Walschbronn
3%
Belgique Nord Wargnies-le-Petit
3%
Belgique Aisne Watigny
3%
Belgique Ardennes Williers
3%
Allemagne Bas-Rhin Wingen
3%
Suisse Haut-Rhin Wolschwiller
3%
Suisse Doubs Abbévillers
2%
Allemagne Bas-Rhin Artolsheim
2%
Suriname Guyane Awala-Yalimapo
2%
Espagne Pyrénées-Atlantiques Banca
2%
Luxembourg Moselle Basse-Rentgen
2%
Italie Alpes-Maritimes Belvédère
2%
Allemagne Moselle Berviller-en-Moselle
2%
Espagne Pyrénées-Atlantiques Bidarray
2%
Allemagne Moselle Blies-Guersviller
2%
Brésil Guyane Camopi
2%
Italie Hautes-Alpes Cervières
2%
Suisse Doubs Charmauvillers
2%
Suisse Territoire de Belfort Courcelles
2%
Allemagne Bas-Rhin Daubensand
2%
Allemagne Bas-Rhin Drusenheim
2%
Espagne Pyrénées-Orientales Err
2%
Suisse Territoire de Belfort Florimont
2%
Allemagne Bas-Rhin Gerstheim
2%
Suisse Doubs Glay
2%
Suisse Doubs Glère
2%
Espagne Haute-Garonne Gouaux-de-Luchon
2%
Suisse Doubs Grand'Combe-des-Bois
2%
Suriname Guyane Grand-Santi
2%
Suisse Ain Grilly
2%
Allemagne Moselle Guerstling
2%
Luxembourg Moselle Haute-Kontz
2%
Suisse Doubs Hauterive-la-Fresse
2%
Allemagne Moselle Launstroff
2%
Suisse Doubs Les Alliés
2%
Espagne Pyrénées-Atlantiques Lescun
2%
Suisse Doubs Les Fourgs
2%
Allemagne Bas-Rhin Mackenheim
2%
Espagne Haute-Garonne Melles
2%
Andorre Ariège Mérens-les-Vals
2%
Suisse Doubs Montancy
2%
Suisse Doubs Montjoie-le-Château
2%
Suisse Doubs Montlebon
2%
Allemagne Bas-Rhin Mothern
2%
Allemagne Bas-Rhin Neuhaeusel
2%
Suisse Haut-Rhin Oberlarg
2%
Suisse Ain Péron
2%
Espagne Pyrénées-Orientales Prats-de-Mollo-la-Preste
2%
Suisse Territoire de Belfort Réchésy
2%
Suisse Territoire de Belfort Saint-Dizier-l'Évêque
2%
Suisse Doubs Sarrageois
2%
Espagne Pyrénées-Atlantiques Urdos
2%
Espagne Pyrénées-Atlantiques Urepel
2%
Italie Alpes-de-Haute-Provence Val d'Oronaye
2%
Suisse Doubs Verrières-de-Joux
2%
Suisse Ain Versonnex
2%
Suisse Doubs Ville-du-Pont
2%
Allemagne Moselle Villing
2%
Suisse Haute-Savoie Vulbens
2%
Espagne Pyrénées-Atlantiques Aldudes
1%
Espagne Pyrénées-Orientales Angoustrine-Villeneuve-des-Escaldes
1%
Espagne Pyrénées-Atlantiques Arette
1%
Espagne Haute-Garonne Arlos
1%
Espagne Hautes-Pyrénées Arrens-Marsous
1%
Andorre Ariège Aston
1%
Espagne Ariège Aulus-les-Bains
1%
Espagne | Andorre Ariège Auzat
1%
Suisse Doubs Bonnétage
1%
Espagne Pyrénées-Atlantiques Borce
1%
Espagne Ariège Bordes-Uchentein
1%
Suisse Doubs Burnevillers
1%
Espagne Haute-Garonne Castillon-de-Larboust
1%
Espagne Haute-Garonne Cazeaux-de-Larboust
1%
Espagne Ariège Couflens
1%
Espagne Pyrénées-Orientales Coustouges
1%
Allemagne Bas-Rhin Dalhunden
1%
Espagne Pyrénées-Orientales Enveitg
1%
Espagne Hautes-Pyrénées Estaing
1%
Espagne Pyrénées-Atlantiques Estérençuby
1%
Espagne Pyrénées-Orientales Eyne
1%
Suisse Doubs Fessevillers
1%
Suisse Doubs Fournet-Blancheroche
1%
Espagne Hautes-Pyrénées Génos
1%
Suisse Doubs Grand'Combe-Châteleu
1%
Suisse Doubs Indevillers
1%
Espagne Haute-Garonne Juzet-de-Luchon
1%
Espagne Pyrénées-Orientales Lamanère
1%
Espagne Pyrénées-Orientales Laroque-des-Albères
1%
Espagne Pyrénées-Atlantiques Lasse
1%
Suisse Territoire de Belfort Lebetain
1%
Espagne Pyrénées-Atlantiques Lecumberry
1%
Espagne Pyrénées-Atlantiques Lées-Athas
1%
Suisse Doubs Les Villedieu
1%
Suisse Doubs Longevilles-Mont-d'Or
1%
Suriname Guyane Mana
1%
Allemagne Bas-Rhin Offendorf
1%
Andorre | Espagne Pyrénées-Orientales Porta
1%
Espagne Pyrénées-Orientales Raynès
1%
Suisse Doubs Rochejean
1%
Espagne Pyrénées-Orientales Saillagouse
1%
Espagne Ariège Seix
1%
Espagne Ariège Sentein
1%
Espagne Pyrénées-Orientales Serralongue
1%
Espagne Haute-Garonne Sode
1%
Espagne Pyrénées-Orientales Sorède
1%
Allemagne Bas-Rhin Sundhouse
1%
Espagne Hautes-Pyrénées Tramezaïgues
1%
Espagne Ariège Ustou
1%
Suisse Doubs Vaufrey
1%
Suisse Doubs Villars-lès-Blamont
1%
Espagne Pyrénées-Atlantiques Accous
0%
Espagne Ariège Bonac-Irazein
0%
Espagne Pyrénées-Orientales Estavar
0%
Espagne Pyrénées-Orientales Fontpédrouse
0%
Andorre Ariège Gestiès
0%
Espagne Pyrénées-Orientales L'Albère
0%
Andorre Ariège Lercoul
0%
Espagne Pyrénées-Orientales Mantet
0%
Espagne Pyrénées-Orientales Maureillas-las-Illas
0%
Espagne Pyrénées-Orientales Palau-de-Cerdagne
0%
Espagne Pyrénées-Orientales Sainte-Léocadie
0%
Andorre Ariège Siguer
0%
Espagne Pyrénées-Orientales Targasonne
0%
Espagne Pyrénées-Orientales Valcebollère
0%
Aucun quiz correspondant
Distribution des résultats
% des personnes avec chaque résultat
Percentile par nombre de réponses
Votre historique - résultats
Vous n’avez pas pris ce quiz depuis la dernière actualisation